Word Chain 3 - Statistics

General Stats
  • This quiz has been taken 206 times
  • The average score is 29 of 50
Answer Stats
Hint Answer % Correct
Last name of General Ulysses S Grant
92%
To begin Start
87%
Astronomical objects Stars
81%
Italian love Amore
80%
Target, H&M, Walmart for example Store
80%
Intelligent, like a phone Smart
79%
An oak's nut Acorn
76%
Not these Those
75%
To love greatly Adore
73%
A campfire snack Smore
73%
Took an oath Swore
72%
Having a dull edge, or an abrupt character Blunt
70%
A household job Chore
70%
Decided upon one over another Chose
70%
A low gutteral noise or a type of fish Grunt
70%
A weapon with a long metal blade and a hilt Sword
70%
To decorate Adorn
69%
A large, dense group of insects Swarm
69%
The ones right here These
69%
A device worn on a rider's heel and used for urging a horse forward. Spurs
68%
Shaved, as a sheep Shorn
67%
Fights with Spars
66%
To speak without thinking Blurt
65%
Bell's invention Phone
65%
A beach or strand Shore
64%
The main force, as in an attack Brunt
63%
Contempt Scorn
62%
All by myself Alone
60%
Speaks unclearly Slurs
60%
Makes less clear Blurs
58%
Ingratiating Behavior Smarm
54%
A rock Stone
54%
To repent Atone
49%
An expanse of short grass. Sward
48%
A long, thin, flat piece of timber Plank
46%
Put off a luminescence Shone
46%
Practical joke Prank
45%
A moon of Jupiter with a name similar to an Egyptian city Thebe
44%
A person or thing regarded as identical to another. Clone
43%
Turn (a handle) in order to start an engine. Crank
43%
Ichabod Crane
39%
Portugal's neighbor Spain
38%
A witch or hag Crone
37%
A braid Plait
36%
Simple or ordinary in character. Plain
35%
Killed, murdered Slain
35%
Treem bush, flower... Plant
33%
Color (a material or object) by applying a penetrative dye or chemical. Stain
28%
A Biblical deaconess of Corinth Phebe
23%
A genetically determined trait Phene
20%
No matching quizzes found
Score Distribution
Percent of People with Each Score
Percentile by Number Answered
Your Score History
You have not taken this quiz